Wes Craven Films - Statistics

General Stats
  • This quiz has been taken 416 times
  • The average score is 10 of 21
Answer Stats
Hint Answer % Correct
1996 Scream
95%
1984 A Nightmare on Elm Street
94%
1997 Scream 2
92%
2000 Scream 3
92%
2011 Scream 4
89%
1977 The Hills Have Eyes
64%
1972 The Last House on the Left
64%
1994 Wes Craven's New Nightmare
60%
2005 Red Eye
38%
1991 The People Under the Stairs
38%
1989 Shocker
36%
1988 The Serpent and the Rainbow
29%
2005 Cursed
28%
2010 My Soul to Take
26%
1982 Swamp Thing
26%
1995 Vampire in Brooklyn
24%
1986 Deadly Friend
23%
1999 Music of the Heart
22%
1985 The Hills Have Eyes, Part II
22%
1981 Deadly Blessing
20%
2006 Paris, j'taime
11%
No matching quizzes found
Score Distribution
Percent of People with Each Score
Percentile by Number Answered
Your Score History
You have not taken this quiz